Представление документа в формате RUSMARC

ПолеНазваниеЗначение
  Тип записи a
  Библиографический уровень m
001 Контрольный номер RU/SLIB/B/208728009
005 Дата корректировки 20201206204015.5
010 Индекс ISBN __
a ISBN 5-210-01437-1
d Цена 55-00
101 Язык документа 0_
a Язык текста rus
c Язык оригинала fre
200 Заглавие и сведения об ответственности 0_
a Заглавие Хроника в форме романа
f Первые сведения об ответственности Ж. Вилар ; пер. с фр. Т. Б. Проскурниковой
b Общее обозначение материала Текст
210 Выходные данные __
a Место издания М.
c Издательство Искусство
d Дата издания 1999
215 Физическое описание __
a Объем 263 с.
c Иллюстрации/тип воспроизводства ил.
330 Аннотация __
a Аннотация В книге представлены воспоминания о театре французского актера Жана Вилара.
606 Тематические рубрики __
a Основная рубрика Музыка и зрелищные искусства
z Хронологическая подрубрика 20 в.
y Географическая подрубрика Франция
606 Тематические рубрики __
a Основная рубрика Драматический театр
610 Ключевые слова __
a Ключевые слова актеры; театральные постановки; театральное искусство; французская культура; романы; хроники
686 Индексы других классификаций __
a Классификационный индекс 85.334.3(4Фра)
700 Автор _1
a Фамилия Вилар
b Имя Ж.
g Полное личное имя Жан
4 Код отношения 070
702 Вторичная интеллектуальная ответственность _1
a Фамилия Проскурникова
b Имя Т. Б.
4 Код отношения Переводчик
4 Код отношения 730
801 Источник записи _0
a Страна RU
b Организация Муниципальное бюджетное учреждение культуры "Централизованная библиотечная система" г. Сургут (Центральная городская библиотека им. А. С. Пушкина)
g Правила каталогизации КиК/Поспелова
801 Источник записи _1
a Страна RU
b Организация Муниципальное бюджетное учреждение культуры "Централизованная библиотечная система" г. Сургут (Центральная городская библиотека им. А. С. Пушкина)
g Правила каталогизации КиК/Поспелова
852 Данные о местонахождении __
j Шифр хранения 85.334.3(4Фра)
c Каталожный индекс 85.334.3(4Фра)
i Авторский знак В 44
901 Тип документа __
t Тип документа m
903 Характеристики (МАРС) __
a Дата передачи 20020827
990 Данные о заказе (DOS) __
j Количество экземпляров (DOS) 2
t N записи в КСУ для И/У (DOS) 200209